00383nam a2200145Ia 4500008004100000020001800041082001600059100001600075245005300091250000600144260002900150300001900179500002500198650001400223230524s9999 xx 000 0 und d a9788131760097 a620.45bSIN aSadhu Singh 0a"Theory of Machines, (Kinematics and Dynamics)" a3 aNew DelhibPearsonc2012 a"xviii,1365p;" aQuantity Number: 40 aMechanics